| 000 | 00666 a2200181 4500 | ||
|---|---|---|---|
| 020 | _a3540279814 | ||
| 020 | _a9783540279815 | ||
| 082 | _a532.011 | ||
| 090 |
_c1632 _d1632 |
||
| 100 | 1 | _aSukop, Michael C. | |
| 245 | 1 | 0 |
_aLattice boltzmann modeling : _ban introduction for geoscientists and engineers / _cMichael C. Sukop, Daniel T. Thorne. |
| 250 | _a1st ed. 2006. Corr. 2nd printing 2006. | ||
| 260 |
_a[S.l.] : _bSpringer, _c2007. |
||
| 300 |
_a182 p. ; _c24 cm. |
||
| 700 | 1 | _aThorne, Daniel T. | |
| 942 |
_aSNS _cBK _k532.011 SUK |
||
| 999 |
_c30241 _d30241 |
||